[Event "HUN-chT2 Charousek 1819"]
[Site "Hungary"]
[Date "2019.02.24"]
[Round "8.11"]
[White "Kozma, Edit"]
[Black "Presznyak, Istvan"]
[Result "0-1"]
[WhiteElo "1847"]
[BlackElo "2032"]
[PlyCount "98"]
[EventDate "2018.09.23"]
[EventType "team-tourn"]
[EventRounds "11"]
[EventCountry "HUN"]
[SourceTitle "CBM 189 Extra"]
[Source "ChessBase"]
[SourceDate "2019.06.03"]
[SourceVersion "1"]
[SourceVersionDate "2019.06.03"]
[SourceQuality "1"]
[WhiteTeam "Budapest HASE"]
[BlackTeam "Tapolca Varosi"]
[WhiteTeamCountry "HUN"]
[BlackTeamCountry "HUN"]

1. e4 c5 2. Nf3 e6 3. d4 cxd4 4. Nxd4 a6 5. Bd3 Nf6 6. 0-0 Qc7 7. c4 b6 8. Qe2 d6 9. b3 Bb7 10. Bb2 Be7 11. Nc3 Nbd7 12. Rae1 Qc5 13. Na4 Qh5 14. Nf3 0-0 15. h3 Rfe8 16. Qe3 b5 17. Nc3 bxc4 18. Bxc4 d5 19. Bd3 Bc5 20. Qe2 d4 21. Nb1 e5 22. Nbd2 Bb6 23. Rc1 Nc5 24. Bb1 Rad8 25. Nc4 Ba7 26. Ncd2 g5 27. Ba3 Ne6 28. Qd1 Bb8 29. Nh2 Qg6 30. f3 h5 31. Nc4 Nf4 32. Re1 d3 33. Nd2 Ne2+ 34. Rxe2 dxe2 35. Qxe2 Kg7 36. Nhf1 g4 37. Ng3 gxh3 38. Nf5+ Kh7 39. g3 Bc8 40. Nf1 Bxf5 41. exf5 Qg5 42. Rc6 h4 43. Bc1 Qg7 44. Qxa6 hxg3 45. Rxf6 h2+ 46. Nxh2 Rd1+ 47. Nf1 g2 48. Rh6+ Kg8 49. f6 gxf1Q+ 0-1

[Event "HUN-chT2 Szechenyi 1718"]
[Site "Hungary"]
[Date "2018.05.06"]
[Round "9"]
[White "Joo, Gabor"]
[Black "Presznyak, Istvan"]
[Result "1/2-1/2"]
[WhiteElo "1976"]
[BlackElo "2041"]
[PlyCount "105"]
[EventDate "2017.10.29"]
[EventType "team-tourn"]
[EventRounds "9"]
[EventCountry "HUN"]
[SourceTitle "EXT 2021"]
[Source "ChessBase"]
[SourceDate "2020.10.23"]
[SourceVersion "1"]
[SourceVersionDate "2020.10.23"]
[SourceQuality "1"]
[WhiteTeam "Haladas Szombathely III"]
[BlackTeam "Tapolca VSE II"]
[WhiteTeamCountry "HUN"]
[BlackTeamCountry "HUN"]

1. d4 d5 2. Nf3 Nf6 3. e3 e6 4. Bd3 Nbd7 5. 0-0 c5 6. c4 dxc4 7. Bxc4 Be7 8. b3 0-0 9. Bb2 a6 10. Nbd2 b5 11. Be2 Bb7 12. Ne5 Nxe5 13. dxe5 Ne4 14. Nxe4 Bxe4 15. Qxd8 Rfxd8 16. Rfd1 Rxd1+ 17. Rxd1 Rd8 18. Rxd8+ Bxd8 19. a4 Bc6 20. axb5 Bxb5 21. Kf1 Kf8 22. Ke1 Ke8 23. Bxb5+ axb5 24. Kd2 Ba5+ 25. Kd3 Kd7 26. f4 h5 27. h3 g6 28. g4 hxg4 29. hxg4 Kc6 30. e4 Be1 31. Ke2 Bg3 32. Kf3 Bh4 33. Ke3 c4 34. bxc4 bxc4 35. Kd4 Kb5 36. Kc3 Be1+ 37. Kc2 Kb4 38. Bd4 c3 39. Be3 Kc4 40. f5 Bg3 41. fxg6 fxg6 42. Bb6 Bxe5 43. Bf2 Bd4 44. Be1 Be5 45. Bf2 Bf4 46. Bb6 Bd2 47. Ba7 Bg5 48. Bb6 Bf6 49. Bf2 Be5 50. Bb6 Bd4 51. Ba5 Be5 52. Bb6 Bd4 53. Ba5 1/2-1/2

[Event "HUN-chT2 Szechenyi 0910"]
[Site "Hungary"]
[Date "2010.01.17"]
[Round "4.1"]
[White "Presznyak, Istvan"]
[Black "Takacs, Balazs"]
[Result "1-0"]
[WhiteElo "2034"]
[BlackElo "2333"]
[PlyCount "107"]
[EventDate "2009.11.08"]
[EventType "team-tourn"]
[EventRounds "11"]
[EventCountry "HUN"]
[SourceTitle "EXT 2011"]
[Source "ChessBase"]
[SourceDate "2010.11.26"]
[SourceVersion "1"]
[SourceVersionDate "2010.11.26"]
[SourceQuality "1"]
[WhiteTeam "Tapolca Szeremley"]
[BlackTeam "Kertvaros"]
[WhiteTeamCountry "HUN"]
[BlackTeamCountry "HUN"]

1. e4 c5 2. Nf3 d6 3. d4 cxd4 4. Nxd4 Nf6 5. Bd3 e5 6. Ne2 Be7 7. c4 Be6 8. Nbc3 Nbd7 9. 0-0 0-0 10. b3 Nc5 11. Kh1 Nfd7 12. Ng3 Re8 13. Be2 g6 14. Qc2 h5 15. Bf3 h4 16. Nge2 g5 17. h3 Nf8 18. Be3 Qc8 19. Ng1 Ng6 20. Rad1 Nf4 21. Bxf4 gxf4 22. Nd5 Bg5 23. Nc3 Rd8 24. Rd2 Rd7 25. Rfd1 Qd8 26. Nge2 b6 27. Nd5 Rc8 28. Nec3 a6 29. a4 Nb7 30. Nb4 Nc5 31. Nbd5 Kh8 32. Kh2 Bh6 33. Kh1 Rc6 34. Nb4 Rc8 35. Nbd5 Bf8 36. Kh2 Rb7 37. Nb4 b5 38. axb5 axb5 39. Nxb5 Rxb5 40. cxb5 Bxb3 41. Qb1 Bxd1 42. Bxd1 Qg5 43. Bf3 Re8 44. Na6 Nb7 45. Nc7 Rc8 46. b6 Qd8 47. Ra2 Nc5 48. Ra7 Rb8 49. Qa2 Kg8 50. Bh5 Rb7 51. Qxf7+ Kh8 52. Rxb7 Nxb7 53. Ne6 Qe7 54. Qxf8+ 1-0

[Event "HUN-chT2 Szechenyi 0910"]
[Site "Hungary"]
[Date "2009.12.06"]
[Round "3.2"]
[White "Presznyak, Istvan"]
[Black "Schmikli, Laszlo"]
[Result "0-1"]
[WhiteElo "2034"]
[BlackElo "2243"]
[PlyCount "34"]
[EventDate "2009.11.08"]
[EventType "team-tourn"]
[EventRounds "11"]
[EventCountry "HUN"]
[SourceTitle "EXT 2011"]
[Source "ChessBase"]
[SourceDate "2010.11.26"]
[SourceVersion "1"]
[SourceVersionDate "2010.11.26"]
[SourceQuality "1"]
[WhiteTeam "Tapolca Szeremley"]
[BlackTeam "Gyor Elektromos"]
[WhiteTeamCountry "HUN"]
[BlackTeamCountry "HUN"]

1. e4 Nc6 2. Nf3 d5 3. exd5 Qxd5 4. Nc3 Qa5 5. d4 Bg4 6. Be2 0-0-0 7. Be3 e5 8. Nxe5 Nxe5 9. Bxg4+ Nxg4 10. Qxg4+ f5 11. Qf3 Ba3 12. bxa3 Qxc3+ 13. Ke2 Qxc2+ 14. Kf1 Nf6 15. Rd1 Rhe8 16. Rd2 Qc4+ 17. Kg1 f4 0-1

[Event "HUN-chT2 Szechenyi 0708"]
[Site "Hungary"]
[Date "2008.04.27"]
[Round "10"]
[White "Presznyak, Istvan"]
[Black "Nemeth, Jozsef"]
[Result "1/2-1/2"]
[WhiteElo "2030"]
[BlackElo "2111"]
[PlyCount "48"]
[EventDate "2007.10.14"]
[EventType "team"]
[EventRounds "11"]
[EventCountry "HUN"]
[SourceTitle "EXT 2009"]
[Source "ChessBase"]
[SourceDate "2008.11.26"]
[SourceVersion "1"]
[SourceVersionDate "2008.11.26"]
[SourceQuality "1"]
[WhiteTeam "Tapolca Szeremley"]
[BlackTeam "Zala Volan"]
[WhiteTeamCountry "HUN"]
[BlackTeamCountry "HUN"]

1. e4 c6 2. d4 d5 3. f3 Nd7 4. Nc3 dxe4 5. fxe4 e5 6. Nf3 exd4 7. Qxd4 Qb6 8. Bc4 Qxd4 9. Nxd4 Ne5 10. Bb3 Bc5 11. Nde2 Bg4 12. Bf4 Ng6 13. h3 Bxe2 14. Nxe2 Nxf4 15. Nxf4 Nf6 16. e5 Ne4 17. Rf1 Rf8 18. Rd1 g6 19. Rd3 Bb6 20. e6 fxe6 21. Nxe6 Rxf1+ 22. Kxf1 Ke7 23. Rd1 Re8 24. Rd3 Nc5 1/2-1/2

[Event "HUN-chT2 Szechenyi 0607"]
[Site "Hungary"]
[Date "2007.03.25"]
[Round "7"]
[White "Presznyak, Istvan"]
[Black "Mihalyfi, Gabor"]
[Result "1/2-1/2"]
[WhiteElo "2028"]
[BlackElo "2113"]
[PlyCount "43"]
[EventDate "2006.11.12"]
[EventType "team"]
[EventRounds "11"]
[EventCountry "HUN"]
[SourceTitle "EXT 2008"]
[Source "ChessBase"]
[SourceDate "2007.11.25"]
[SourceVersion "1"]
[SourceVersionDate "2007.11.25"]
[SourceQuality "1"]
[WhiteTeam "Tapolca Varju"]
[BlackTeam "Ajka Banyasz"]
[WhiteTeamCountry "HUN"]
[BlackTeamCountry "HUN"]

1. e4 c5 2. Nf3 Nc6 3. c4 d6 4. d4 cxd4 5. Nxd4 Nf6 6. Nc3 a6 7. Be2 e6 8. 0-0 Be7 9. Be3 0-0 10. Rc1 Bd7 11. f4 Nxd4 12. Bxd4 Bc6 13. Bf3 Rc8 14. b3 b5 15. cxb5 axb5 16. b4 d5 17. Bxf6 Bxf6 18. exd5 Qb6+ 19. Kh1 Rfd8 20. Qb3 Bxc3 21. Qxc3 Bb7 22. Qd2 1/2-1/2

[Event "HUN-chT2 Szechenyi 0607"]
[Site "Hungary"]
[Date "2007.02.18"]
[Round "5"]
[White "Presznyak, Istvan"]
[Black "Gyurkovics, Bence"]
[Result "0-1"]
[WhiteElo "2028"]
[BlackElo "2095"]
[PlyCount "76"]
[EventDate "2006.11.12"]
[EventType "team"]
[EventRounds "11"]
[EventCountry "HUN"]
[SourceTitle "EXT 2008"]
[Source "ChessBase"]
[SourceDate "2007.11.25"]
[SourceVersion "1"]
[SourceVersionDate "2007.11.25"]
[SourceQuality "1"]
[WhiteTeam "Tapolca Varju"]
[BlackTeam "Gyor Komszomol"]
[WhiteTeamCountry "HUN"]
[BlackTeamCountry "HUN"]

1. e4 c5 2. Nf3 d6 3. d4 cxd4 4. Nxd4 Nf6 5. Bd3 a6 6. c4 e6 7. 0-0 Be7 8. Be3 Qc7 9. Nc3 Nbd7 10. Rc1 b6 11. f4 Nc5 12. Bb1 Bb7 13. Qf3 Rc8 14. g4 Qb8 15. b4 Ncd7 16. g5 Ng8 17. Bd3 Qa8 18. f5 Ne5 19. Qe2 Nxd3 20. Qxd3 e5 21. Nf3 f6 22. Nd5 Bxd5 23. cxd5 Bd8 24. Rxc8 Qxc8 25. Rc1 Qb7 26. b5 a5 27. Rc6 Kd7 28. Qa3 Qb8 29. h4 Ne7 30. Rc2 Bc7 31. Ne1 Qe8 32. Qc1 Bd8 33. Qd1 Rg8 34. Qf3 Qf7 35. Nd3 g6 36. Rg2 gxf5 37. exf5 Qxd5 38. Qf1 Qe4 0-1

[Event "HUN-chT2 Charousek 0607"]
[Site "Hungary"]
[Date "2006.12.03"]
[Round "3"]
[White "Csomos, Bence"]
[Black "Presznyak, Istvan"]
[Result "0-1"]
[WhiteElo "1733"]
[BlackElo "2028"]
[PlyCount "110"]
[EventDate "2006.11.12"]
[EventType "team"]
[EventRounds "11"]
[EventCountry "HUN"]
[SourceTitle "EXT 2008"]
[Source "ChessBase"]
[SourceDate "2007.11.25"]
[SourceVersion "1"]
[SourceVersionDate "2007.11.25"]
[SourceQuality "1"]
[WhiteTeam "Szentgotthard"]
[BlackTeam "Tapolca"]
[WhiteTeamCountry "HUN"]
[BlackTeamCountry "HUN"]

1. e4 c5 2. Nf3 e6 3. d4 cxd4 4. Nxd4 a6 5. Be3 Nf6 6. f3 e5 7. Nb3 d5 8. Bg5 Be6 9. Bxf6 gxf6 10. exd5 Bxd5 11. Qd2 Nc6 12. a3 Bxb3 13. cxb3 Nd4 14. Qd3 Rc8 15. Nc3 Nxb3 16. Rd1 Qxd3 17. Bxd3 Nd4 18. Ne4 Be7 19. Nc3 Bxa3 20. Nd5 Be7 21. 0-0 Rc5 22. Nb6 Bd8 23. Na4 Ra5 24. Nc3 0-0 25. f4 Ne6 26. f5 Nd4 27. Be4 b5 28. Rd3 b4 29. Rg3+ Kh8 30. Nd5 Ne2+ 31. Kf2 Nxg3 32. hxg3 Rc5 33. g4 h6 34. Rh1 Kg7 35. Kf3 a5 36. Ne3 Rh8 37. Rd1 Bc7 38. Nf1 Rd8 39. Re1 Rd4 40. Ng3 Bd8 41. Ne2 Rd2 42. b3 Rb2 43. Rb1 Rxb1 44. Bxb1 Bb6 45. Bd3 a4 46. bxa4 b3 47. Ke4 b2 48. Bb1 Rc1 49. Bd3 b1R 50. Nxc1 Rxc1 51. Kd5 Rd1 52. Kc4 Rxd3 53. Kxd3 Kf8 54. Kc4 Ke7 55. Kb5 Bf2 0-1

[Event "HUN-chT2 Szechenyi 0506"]
[Site "Hungary"]
[Date "2005.11.13"]
[Round "3"]
[White "Remete, Zsuzsa"]
[Black "Presznyak, Istvan"]
[Result "1-0"]
[WhiteElo "2128"]
[BlackElo "2305"]
[PlyCount "88"]
[EventDate "2005.10.16"]
[EventType "team"]
[EventRounds "11"]
[EventCountry "HUN"]
[SourceTitle "EXT 2009"]
[Source "ChessBase"]
[SourceDate "2008.11.26"]
[SourceVersion "1"]
[SourceVersionDate "2008.11.26"]
[SourceQuality "1"]
[WhiteTeam "HVSE Infraplan II"]
[BlackTeam "Tapolca Varju"]
[WhiteTeamCountry "HUN"]
[BlackTeamCountry "HUN"]

1. e4 c5 2. Nf3 e6 3. d4 cxd4 4. Nxd4 a6 5. Bd3 Qc7 6. 0-0 b5 7. Qe2 d6 8. a4 bxa4 9. Rxa4 Bb7 10. Nc3 Nf6 11. Bg5 Be7 12. Nb3 h6 13. Be3 d5 14. Rfa1 dxe4 15. Nxe4 Nxe4 16. Bxe4 Bxe4 17. Rxe4 0-0 18. Bd4 Nd7 19. Bc3 Bf6 20. Bxf6 Nxf6 21. Rea4 Rfc8 22. c3 Qb7 23. Rb4 Qa7 24. Nd4 Nd5 25. Rba4 a5 26. Nb3 Qb6 27. Nxa5 Rc5 28. Nc4 Rxa4 29. Rxa4 Qb5 30. Ra8+ Kh7 31. Qc2+ g6 32. Ra7 Rc7 33. Rxc7 Nxc7 34. Ne3 Nd5 35. Nxd5 exd5 36. g3 Qc4 37. b3 Qb5 38. h4 Kg7 39. c4 dxc4 40. bxc4 Qc5 41. Qd3 g5 42. hxg5 hxg5 43. Kg2 g4 44. Qe4 f5 1-0

[Event "HUN-chT2 Szechenyi 0506"]
[Site "Hungary"]
[Date "2005.10.30"]
[Round "2"]
[White "Domotor, Jozsef"]
[Black "Presznyak, Istvan"]
[Result "1/2-1/2"]
[WhiteElo "2061"]
[BlackElo "2305"]
[PlyCount "24"]
[EventDate "2005.10.16"]
[EventType "team"]
[EventRounds "11"]
[EventCountry "HUN"]
[SourceTitle "EXT 2009"]
[Source "ChessBase"]
[SourceDate "2008.11.26"]
[SourceVersion "1"]
[SourceVersionDate "2008.11.26"]
[SourceQuality "1"]
[WhiteTeam "Kvarosi Zeg"]
[BlackTeam "Tapolca Varju"]
[WhiteTeamCountry "HUN"]
[BlackTeamCountry "HUN"]

1. d4 e6 2. Nf3 c5 3. c4 cxd4 4. Nxd4 a6 5. e4 Nf6 6. Bd3 Nc6 7. Nxc6 dxc6 8. 0-0 e5 9. Qe2 Be7 10. Nc3 0-0 11. Rd1 Qc7 12. Bg5 Re8 1/2-1/2

[Event "HUN-chT2 Szechenyi 0405"]
[Site "Hungary"]
[Date "2005.04.24"]
[Round "11"]
[White "Horvath, Jozsef2222"]
[Black "Presznyak, Istvan"]
[Result "1/2-1/2"]
[WhiteElo "2178"]
[BlackElo "2305"]
[PlyCount "57"]
[EventDate "2004.09.26"]
[EventType "team"]
[EventRounds "11"]
[EventCountry "HUN"]
[SourceTitle "EXT 2009"]
[Source "ChessBase"]
[SourceDate "2008.11.26"]
[SourceVersion "1"]
[SourceVersionDate "2008.11.26"]
[SourceQuality "1"]
[WhiteTeam "Kertvaros"]
[BlackTeam "Tapolca II"]
[WhiteTeamCountry "HUN"]
[BlackTeamCountry "HUN"]

1. d4 e6 2. Nf3 c5 3. c3 Nf6 4. Bf4 Qb6 5. Qb3 Nd5 6. Bg3 Nc6 7. e3 d6 8. Nbd2 Qxb3 9. axb3 Nf6 10. Bb5 Bd7 11. 0-0 d5 12. h3 Be7 13. Ra2 0-0 14. Rfa1 a6 15. Bxc6 Bxc6 16. Ne5 Rac8 17. Bh4 Rfe8 18. Bxf6 gxf6 19. Nxc6 Rxc6 20. dxc5 Rxc5 21. b4 Rc7 22. Kf1 Kg7 23. Ra5 Bd8 24. Nf3 Ree7 25. R5a4 Rc8 26. b5 axb5 27. Rb4 b6 28. Rxb5 Rb7 29. Ke2 1/2-1/2

[Event "HUN-chT2 9596"]
[Site "Hungary"]
[Date "1996.??.??"]
[Round "8"]
[White "Presznyak, Istvan"]
[Black "Cseke, Richard"]
[Result "1-0"]
[WhiteElo "2305"]
[BlackElo "2200"]
[PlyCount "46"]
[EventDate "1995.??.??"]
[EventType "team"]
[EventRounds "11"]
[EventCountry "HUN"]
[SourceTitle "EXT 2000"]
[Source "ChessBase"]
[SourceDate "1999.11.16"]
[SourceVersion "1"]
[SourceVersionDate "1999.11.16"]
[SourceQuality "1"]

1. e4 c5 2. Nf3 d6 3. d4 cxd4 4. Nxd4 Nf6 5. f3 g6 6. Be3 Bg7 7. Qd2 0-0 8. c4 Nc6 9. Nc3 a6 10. Rc1 Be6 11. Be2 Qa5 12. b3 Rab8 13. a4 Rfc8 14. 0-0 Nd7 15. Nxe6 fxe6 16. Bh6 Bf6 17. f4 Nc5 18. Bg4 Nxb3 19. Bxe6+ Kh8 20. Qd5 Nxc1 21. Bxc8 Qxc3 22. Qe6 Nd3 23. h3 Nc5 1-0

[Event "HUN-chT2 9596"]
[Site "Hungary"]
[Date "1996.??.??"]
[Round "10"]
[White "Presznyak, Istvan"]
[Black "Tengely, Szabolcs"]
[Result "0-1"]
[WhiteElo "2305"]
[BlackElo "2140"]
[PlyCount "40"]
[EventDate "1995.??.??"]
[EventType "team"]
[EventRounds "11"]
[EventCountry "HUN"]
[SourceTitle "EXT 2000"]
[Source "ChessBase"]
[SourceDate "1999.11.16"]
[SourceVersion "1"]
[SourceVersionDate "1999.11.16"]
[SourceQuality "1"]

1. e4 c5 2. Nf3 d6 3. d4 cxd4 4. Nxd4 Nf6 5. f3 a6 6. c4 g6 7. Be3 Bg7 8. Nc3 0-0 9. Qd2 Nc6 10. Be2 Bd7 11. 0-0 Rc8 12. Rac1 Ne5 13. b3 Re8 14. Rfd1 h5 15. Bf1 Kh7 16. Qf2 Rh8 17. Nde2 Kg8 18. Nd5 Nxd5 19. cxd5 Rxc1 20. Rxc1 Nd3 0-1

[Event "HUN-chT"]
[Site "Hungary"]
[Date "1992.??.??"]
[Round "?"]
[White "Juhasz, Jozsef"]
[Black "Presznyak, Istvan"]
[Result "1-0"]
[WhiteElo "2235"]
[BlackElo "2305"]
[PlyCount "71"]
[EventDate "1992.??.??"]
[EventType "team"]
[EventRounds "14"]
[EventCountry "HUN"]
[SourceTitle "EXT 2000"]
[Source "ChessBase"]
[SourceDate "1999.11.16"]
[SourceVersion "1"]
[SourceVersionDate "1999.11.16"]
[SourceQuality "1"]

1. e4 c5 2. Nf3 Nc6 3. d4 cxd4 4. Nxd4 Nf6 5. Nc3 e5 6. Ndb5 d6 7. Bg5 a6 8. Na3 b5 9. Bxf6 gxf6 10. Nd5 f5 11. c3 Bg7 12. exf5 Bxf5 13. Nc2 0-0 14. Nce3 Be6 15. Bd3 f5 16. Qh5 e4 17. Bc2 Rc8 18. 0-0 Nd4 19. Bd1 f4 20. cxd4 Bf7 21. Qf5 fxe3 22. fxe3 Bg6 23. Qe6+ Kh8 24. Rxf8+ Bxf8 25. Bb3 Qe8 26. Qf6+ Bg7 27. Qxd6 Rc6 28. Qe7 Qc8 29. Rf1 Rc1 30. Nc3 Rxf1+ 31. Kxf1 Qf5+ 32. Kg1 Bh6 33. Qd8+ Kg7 34. Qg8+ Kf6 35. Nd5+ Kg5 36. Qd8+ 1-0

[Event "HUN-chT"]
[Site "Hungary"]
[Date "1992.??.??"]
[Round "7"]
[White "Petran, Peter"]
[Black "Presznyak, Istvan"]
[Result "1-0"]
[WhiteElo "2380"]
[BlackElo "2305"]
[PlyCount "149"]
[EventDate "1992.??.??"]
[EventType "team"]
[EventRounds "14"]
[EventCountry "HUN"]
[SourceTitle "EXT 2000"]
[Source "ChessBase"]
[SourceDate "1999.11.16"]
[SourceVersion "1"]
[SourceVersionDate "1999.11.16"]
[SourceQuality "1"]

1. g3 g6 2. Bg2 Bg7 3. e4 c5 4. Ne2 d6 5. c3 Nf6 6. d4 Qc7 7. 0-0 0-0 8. f4 e6 9. h3 Nc6 10. Be3 b6 11. g4 Bb7 12. Ng3 Ne7 13. Nd2 Nd7 14. Nf3 e5 15. fxe5 dxe5 16. d5 Nc8 17. c4 Nd6 18. b3 Rae8 19. Rc1 Bc8 20. Qd2 Nf6 21. Nh2 Kh8 22. Rf2 Ng8 23. Rcf1 Qe7 24. Bg5 f6 25. Be3 Rf7 26. h4 Ref8 27. h5 g5 28. Bf3 Nh6 29. Be2 a5 30. a3 Qd8 31. b4 Qc7 32. bxc5 bxc5 33. Rb1 Ba6 34. Qc3 Ra8 35. Bd2 Rff8 36. Nhf1 Nhf7 37. Ne3 Bc8 38. Bd1 Bd7 39. Be1 Rfb8 40. Rfb2 Rxb2 41. Qxb2 Bf8 42. Kg2 Be7 43. Kf3 h6 44. Ngf5 Bd8 45. Bc3 Kh7 46. Bc2 Kg8 47. Ke2 Nxf5 48. Nxf5 Bxf5 49. gxf5 Nd6 50. Kd3 Nxf5 51. Qb7 Qxb7 52. Rxb7 Nd6 53. Rd7 Nf7 54. Bd1 Kf8 55. Bg4 Be7 56. a4 Ke8 57. Rb7 Nd6 58. Rb6 Kd8 59. Be6 Bf8 60. Bd2 Kc7 61. Rc6+ Kd8 62. Be3 Nb7 63. Rb6 Kc7 64. Rc6+ Kd8 65. Ke2 Be7 66. Kf3 Rb8 67. Kg4 Nd6 68. Bxc5 Nxe4 69. Bb6+ Ke8 70. c5 Bd8 71. Bxd8 Kxd8 72. Kf5 Rb4 73. d6 Ng3+ 74. Kg6 Rb8 75. Rc7 1-0

[Event "HUN-chT"]
[Site "Hungary"]
[Date "1992.??.??"]
[Round "7"]
[White "Presznyak, Istvan"]
[Black "Madl, Ildiko"]
[Result "0-1"]
[WhiteElo "2305"]
[BlackElo "2375"]
[PlyCount "72"]
[EventDate "1992.??.??"]
[EventType "team"]
[EventRounds "14"]
[EventCountry "HUN"]
[SourceTitle "EXT 2000"]
[Source "ChessBase"]
[SourceDate "1999.11.16"]
[SourceVersion "1"]
[SourceVersionDate "1999.11.16"]
[SourceQuality "1"]

1. e4 c5 2. Nf3 d6 3. d4 cxd4 4. Nxd4 Nf6 5. Nc3 Nc6 6. Be2 e5 7. Nb3 Be7 8. 0-0 0-0 9. Be3 a5 10. Nd2 Be6 11. f4 exf4 12. Bxf4 Ne5 13. Kh1 Rc8 14. Nf3 Nc4 15. Bxc4 Bxc4 16. Re1 Ng4 17. Qd4 Rc6 18. h3 Bf6 19. e5 Nxe5 20. Nxe5 dxe5 21. Qxd8 Bxd8 22. Bxe5 Be6 23. Re2 Be7 24. Rd1 Rfc8 25. Nd5 Bf8 26. c3 h6 27. Red2 Kh8 28. Nf4 Bxa2 29. Ra1 Bc4 30. Rxa5 Re8 31. Ra7 Bc5 32. Rxb7 Rxe5 33. Rd8+ Kh7 34. Rbb8 g6 35. Rbc8 Re1+ 36. Kh2 Bg1+ 0-1

[Event "HUN-chT"]
[Site "Hungary"]
[Date "1991.??.??"]
[Round "?"]
[White "Banhazi, Istvan"]
[Black "Presznyak, Istvan"]
[Result "1/2-1/2"]
[WhiteElo "2220"]
[BlackElo "2210"]
[PlyCount "65"]
[EventDate "1991.??.??"]
[EventType "team"]
[EventRounds "9"]
[EventCountry "HUN"]
[SourceTitle "TD"]
[Source "ChessBase"]
[SourceDate "1994.03.01"]
[SourceVersion "1"]
[SourceVersionDate "1994.03.01"]
[SourceQuality "1"]

1. d4 d5 2. c4 e6 3. Nc3 c6 4. e3 Nf6 5. Nf3 Nbd7 6. Bd3 dxc4 7. Bxc4 b5 8. Bd3 a6 9. e4 c5 10. e5 cxd4 11. Nxb5 Nxe5 12. Nxe5 axb5 13. 0-0 Qd5 14. Qe2 Be7 15. Bxb5+ Bd7 16. Nxd7 Nxd7 17. b3 0-0 18. Bb2 Nc5 19. Bc4 Qd6 20. Qg4 e5 21. a4 Qb6 22. Qg3 Bd6 23. a5 Qb8 24. b4 Qxb4 25. Bd5 Rad8 26. Bc1 e4 27. Qg5 Qb8 28. a6 Bxh2+ 29. Kh1 Qe5 30. Qxe5 Bxe5 31. a7 Ra8 32. Ra5 Nd3 33. Bxe4 1/2-1/2

[Event "HUN-chT"]
[Site "Hungary"]
[Date "1991.??.??"]
[Round "?"]
[White "Presznyak, Istvan"]
[Black "Starosta, Janos"]
[Result "1-0"]
[WhiteElo "2210"]
[BlackElo "2240"]
[PlyCount "53"]
[EventDate "1991.??.??"]
[EventType "team"]
[EventRounds "9"]
[EventCountry "HUN"]
[SourceTitle "TD"]
[Source "ChessBase"]
[SourceDate "1994.03.01"]
[SourceVersion "1"]
[SourceVersionDate "1994.03.01"]
[SourceQuality "1"]

1. e4 c5 2. Nf3 Nc6 3. d4 cxd4 4. Nxd4 g6 5. c4 Bg7 6. Be3 d6 7. Nc3 Nf6 8. Be2 0-0 9. 0-0 Nxd4 10. Bxd4 Be6 11. Rc1 Rc8 12. b3 a5 13. f3 Nd7 14. Bxg7 Kxg7 15. f4 Nc5 16. Qd4+ f6 17. f5 Bf7 18. fxg6 hxg6 19. Bg4 Ra8 20. Rf3 Qb6 21. Nd5 Bxd5 22. exd5 Qb4 23. Qe3 Rae8 24. Rh3 Rg8 25. Re1 f5 26. Bxf5 e5 27. Rf1 1-0

[Event "HUN-chT"]
[Site "Hungary"]
[Date "1991.??.??"]
[Round "?"]
[White "Presznyak, Istvan"]
[Black "Szekely, Peter"]
[Result "1/2-1/2"]
[WhiteElo "2210"]
[BlackElo "2430"]
[PlyCount "48"]
[EventDate "1991.??.??"]
[EventType "team"]
[EventRounds "9"]
[EventCountry "HUN"]
[SourceTitle "TD"]
[Source "ChessBase"]
[SourceDate "1994.03.01"]
[SourceVersion "1"]
[SourceVersionDate "1994.03.01"]
[SourceQuality "1"]

1. e4 c5 2. Nf3 d6 3. d4 cxd4 4. Nxd4 Nf6 5. Nc3 a6 6. Bg5 e6 7. f4 Qb6 8. Nb3 Be7 9. Qf3 Nbd7 10. 0-0-0 Qc7 11. g4 b5 12. Bxf6 Nxf6 13. g5 Nd7 14. f5 b4 15. Ne2 Bxg5+ 16. Kb1 Ne5 17. Qh5 Qe7 18. Rg1 Bf6 19. Nf4 g6 20. Qe2 Bd7 21. Nd4 0-0 22. fxe6 fxe6 23. Bh3 Kh8 24. Nfxe6 Rf7 1/2-1/2